| 000 -LEADER |
| fixed length control field |
00424pab a2200145 454500 |
| 008 - FIXED-LENGTH DATA ELEMENTS--GENERAL INFORMATION |
| fixed length control field |
180718b2002 xxu||||| |||| 00| 0 eng d |
| 100 ## - MAIN ENTRY--PERSONAL NAME |
| Personal name |
Hartman, Andrew |
| 245 ## - TITLE STATEMENT |
| Title |
The red template: US policy in Soviet-occupied Afghanistan |
| 260 ## - PUBLICATION, DISTRIBUTION, ETC. |
| Date of publication, distribution, etc. |
2002 |
| 300 ## - PHYSICAL DESCRIPTION |
| Extent |
p.467-89. |
| 650 ## - SUBJECT ADDED ENTRY--TOPICAL TERM |
| Topical term or geographic name entry element |
United States -Foreign relations - Afghanistan |
| 650 ## - SUBJECT ADDED ENTRY--TOPICAL TERM |
| Topical term or geographic name entry element |
International relations |
| 773 ## - HOST ITEM ENTRY |
| Main entry heading |
Third World Quarterly |
| 909 ## - |
| -- |
53222 |